Ovládnite značky
Pri akom sortimente je vhodné predávať produkt pod regulárnou značkou alebo pod privátnou značkou. Porovnanie vzájomného vývoja regulárnych a privátnych značiek v ČR - výsledky prieskumu. Sortimentové kategórie je možné rozdeliť do troch typov trhov - hodnotovo orientované, objemovo orientované a ne...
Guardado en:
| Autor principal: | |
|---|---|
| Formato: | Capítulo de libro |
| Lenguaje: | eslovaco |
| Materias: | |
| Etiquetas: |
Sin Etiquetas, Sea el primero en etiquetar este registro!
|
MARC
| LEADER | 00000naa$a2200000$$$4500 | ||
|---|---|---|---|
| 001 | 0052758 | ||
| 005 | 20231128092515.5 | ||
| 041 | 0 | |a slo | |
| 044 | |a SK | ||
| 245 | 1 | 0 | |a Ovládnite značky |c Juraj Lesay |
| 520 | |a Pri akom sortimente je vhodné predávať produkt pod regulárnou značkou alebo pod privátnou značkou. Porovnanie vzájomného vývoja regulárnych a privátnych značiek v ČR - výsledky prieskumu. Sortimentové kategórie je možné rozdeliť do troch typov trhov - hodnotovo orientované, objemovo orientované a nerozvíjané trhy. ABC brandy na týchto typoch trhov. | ||
| 610 | 2 | 0 | |a manažment sortimentný |
| 610 | 2 | 0 | |a značky maloobchodné |
| 610 | 2 | 0 | |a Česko |
| 100 | 1 | |a Lesay, Juraj | |